000 00532nam a2200181Ia 4500
005 20250508160826.0
008 008 250505s9999 xx 000 0 hin d
037 _aBooks to be hide in OPAC
040 _aFEDL
_beng
_cFEDL
041 _ahin
_2eng
084 _a491.434, TAN/O
_qFEDL
100 _aTandon Umesh Chandr
_9769465
245 0 _aHindi sandharb
260 _aJaipur, India
_bRajasthan Vishwa Vidyalaya Pustkaliya
_c1973
300 _a424p.
942 _cHB
_h491.434, TAN/O
999 _c1366826
_d1366826